[Event "FRA-chTW Top 12 2019"]
[Site "Vandoeuvre"]
[Date "2019.05.05"]
[Round "5.6"]
[White "Belluire, Beatrice"]
[Black "L'Ami, Alina"]
[Result "0-1"]
[WhiteElo "1913"]
[BlackElo "2286"]
[Annotator "TA"]
[PlyCount "68"]
[EventDate "2019.05.02"]
[EventType "team-tourn"]
[EventCountry "FRA"]
[SourceTitle "playchess.com"]
[Source "ChessBase"]
[SourceQuality "1"]

{[%evp 17,90,23,48,0,0,0,0,0,0,0,0,-197,0,-187,7,4,62,52,146,52,61,37,41,14,4,0,0,0,26,-23,123,90,136,123,91,12,3,20,31,26,20,16,249,0,10,-60,-62,-90,-95,-93,-38,-79,-58,-92,-46,-60,-63,-77,-79,-284,-275,-284,-266,-360,-368,-522,-512,-573,-547,-666,-589,-800,-783,-722,-661]} 1. e4 e6 2. d4 d5 3. Nc3 Nf6 4. e5 Nfd7 5. f4 c5 6. Nf3 Nc6 7. Be3 Qb6 8. Na4 Qa5+ 9. c3 b6 10. a3 {Threatens to win with b4. C11: French: Classical System: 4 e5 and 4 Bg5 dxe4} (10. Bd2 $5 {[%cal Rc3c4]} c4 11. b4 $11) (10. Bd2 c4 11. b4 Qa6 12. Be2 Be7 13. O-O f5 14. Qc2 O-O 15. Kh1 Qb7 16. Rg1 Rf7 17. g4 b5 18. gxf5 Rxf5 19. Nc5 Nxc5 20. bxc5 {0-1 (57) Karjakin,S (2773)-Duda,J (2737) chess.com INT 2018}) 10... c4 11. b4 cxb3 12. Qxb3 {The position is equal.} Ba6 13. Nb2 Rc8 {[#]} 14. Nd3 $146 {[#]} (14. Kf2 $11 {and White is okay.}) ({Predecessor:} 14. a4 Ncxe5 15. fxe5 Rxc3 16. Bd2 Rxb3 17. Bxa5 Bxf1 18. Rxf1 bxa5 {0-1 (57) Guliyev,N (2561)-Fridman,D (2629) Helmond 2013}) 14... Be7 $2 (14... Ncxe5 $1 $19 {[%mdl 512]} 15. Ndxe5 Rxc3) 15. Be2 $2 {[#]} (15. Kf2 $11) 15... Bc4 $2 (15... Ncxe5 $1 $19 {[%mdl 512]} 16. fxe5 (16. Ndxe5 Rxc3) 16... Bxd3 17. Bxd3 Rxc3) 16. Qc2 $11 Qa6 (16... b5 $11) 17. O-O Na5 (17... f5 $14) 18. Nd2 (18. f5 $1 $16) 18... f5 $14 19. exf6 Nxf6 20. f5 exf5 21. Rxf5 O-O 22. Bg5 Qb7 23. Bf3 g6 (23... Ne4 $11 {remains equal.} 24. Rxf8+ Bxf8 25. Bxe4 dxe4) 24. Rf4 Bxd3 25. Qxd3 Kg7 26. c4 ({Better is} 26. Re1 $16 Ne4 27. Nxe4 dxe4 28. Rxf8 (28. Bxe4 Qc7 $16) (28. Rexe4 Bxg5 29. Re5 Qc7 $11) 28... Rxf8 29. Bxe4) 26... Qc7 $1 $11 {[%cal Rd5c4]} 27. cxd5 h6 28. Bxf6+ Bxf6 29. Rg4 Qf7 $2 (29... Bg5 $11) 30. Rg3 $2 (30. Rf1 $18) 30... Bg5 {And now ...Bxd2 would win.} 31. Rf1 (31. Ne4 $11 Bf4 32. Rg4) 31... Qf4 $15 {Hoping for ...Qe3+.} 32. Rxg5 Qxg5 33. d6 {[#]} Rf7 ({Black should try} 33... Qf5 $1 $17 {[%cal Rf5d3]} 34. Qe3 Rce8) 34. Ne4 Qf5 {Played: Qg5-d5} 0-1

[Event "FRA-chTW Top 12 2019"]
[Site "Vandoeuvre"]
[Date "2019.05.05"]
[Round "5.7"]
[White "Verot, Melanie"]
[Black "Dornbusch, Tatiana"]
[Result "1/2-1/2"]
[WhiteElo "2069"]
[BlackElo "2285"]
[Annotator "ChessBase"]
[PlyCount "55"]
[EventDate "2019.05.02"]
[EventType "team-tourn"]
[EventCountry "FRA"]
[SourceTitle "playchess.com"]
[Source "ChessBase"]
[SourceQuality "1"]
[TimeControl "40/5400+30:1800+30"]

1. e4 {[%emt 0:04:22]} Nf6 {[%emt 0:00:39]} 2. e5 {[%emt 0:00:43]} Nd5 {[%emt 0:00:05]} 3. d4 {[%emt 0:00:10]} d6 {[%emt 0:00:23]} 4. c4 {[%emt 0:00:11]} Nb6 {[%emt 0:00:10]} 5. exd6 {[%emt 0:00:10]} exd6 {[%emt 0:00:50]} 6. Nc3 {[%emt 0:01:03]} Be7 {[%emt 0:00:45]} 7. Bd3 {[%emt 0:01:07]} Nc6 {[%emt 0:00:53]} 8. d5 {[%emt 0:03:14]} Ne5 {[%emt 0:01:53]} 9. Nge2 {[%emt 0:02:15]} O-O {[%emt 0:03:19]} 10. f4 {[%emt 0:04:50]} Nxd3+ {[%emt 0:10:52]} 11. Qxd3 {[%emt 0:00:07]} g6 {[%emt 0:02:04]} 12. Ng3 {[%emt 0:12:19]} f5 {[%emt 0:29:32]} 13. Be3 {[%emt 0:05:45]} Bf6 {[%emt 0:00:29]} 14. O-O {[%emt 0:00:58]} Nd7 {[%emt 0:03:17]} 15. b4 {[%emt 0:09:09]} a5 {[%emt 0:01:33]} 16. a3 {[%emt 0:00:42]} Bg7 {[%emt 0:07:14]} 17. Bd4 {[%emt 0:02:20]} Nf6 {[%emt 0:00:19]} 18. Rfe1 {[%emt 0:03:09]} Bd7 {[%emt 0:02:50]} 19. c5 {[%emt 0:08:11]} axb4 {[%emt 0:03:25]} 20. axb4 {[%emt 0:00:22]} Rxa1 {[%emt 0:00:19]} 21. Rxa1 {[%emt 0:00:05]} Qe7 {[%emt 0:00:22]} 22. Ra2 {[%emt 0:03:25]} Qe1+ {[%emt 0:04:07]} 23. Qf1 {[%emt 0:01:09]} Re8 {[%emt 0:03:22]} 24. Qxe1 {[%emt 0:03:16]} Rxe1+ {[%emt 0:00:04]} 25. Kf2 {[%emt 0:00:09]} Re8 {[%emt 0:01:18]} 26. Kg1 {[%emt 0:03:09]} Re1+ {[%emt 0:15:28]} 27. Kf2 {[%emt 0:00:32]} Re8 {[%emt 0:00:24]} 28. Kg1 {[%emt 0:00:14]} 1/2-1/2

[Event "FRA-chTW Top 12 2019"]
[Site "Vandoeuvre"]
[Date "2019.05.05"]
[Round "5.7"]
[White "Afraoui, Anaelle"]
[Black "Nicolas, Gabrielle"]
[Result "1-0"]
[WhiteElo "2068"]
[BlackElo "1733"]
[Annotator "NA RC"]
[PlyCount "95"]
[EventDate "2019.05.02"]
[EventType "team-tourn"]
[EventCountry "FRA"]
[SourceTitle "playchess.com"]
[Source "ChessBase"]
[SourceQuality "1"]
[TimeControl "40/5400+30:1800+30"]

1. e4 {[%emt 0:00:00]} e6 {[%emt 0:00:00]} 2. d4 {[%emt 0:00:00]} d5 {[%emt 0:00:17]} 3. Nc3 {[%emt 0:00:00]} Nf6 {[%emt 0:00:49]} 4. Bg5 {[%emt 0:00:00]} Be7 {[%emt 0:01:35]} 5. e5 {[%emt 0:00:00]} Nfd7 {[%emt 0:05:18]} 6. Bxe7 {[%emt 0:00:11]} Qxe7 {[%emt 0:00:10]} 7. f4 {[%emt 0:00:05]} a6 {[%emt 0:03:21]} 8. Nf3 {[%emt 0:00:15]} c5 {[%emt 0:01:10]} 9. dxc5 {[%emt 0:00:07]} Nc6 {[%emt 0:04:15]} 10. Qd2 {[%emt 0:00:10]} Qxc5 {[%emt 0:07:37]} 11. O-O-O {[%emt 0:00:17]} b5 {[%emt 0:00:57]} 12. Bd3 {[%emt 0:00:16]} Nb6 {[%emt 0:04:45]} 13. Ne2 {[%emt 0:10:29] C14: French: Classical System: 4 Bg5 Be7 main line} (13. Kb1 Bb7 14. f5 O-O-O 15. Qg5 g6 16. fxe6 fxe6 17. Rhf1 Kb8 18. Qf6 Rhf8 19. Qh4 Nc4 20. Bxc4 Qxc4 21. Qxh7 {0-1 (29) Seres,L (2482)-Cao,S (2540) Hungary 2003}) 13... Bd7 {[%emt 0:06:50]} 14. h4 {[%emt 0:06:28]} Nb4 $146 {[%emt 0:05:02]} ({Predecessor:} 14... b4 15. Kb1 h6 16. h5 Na4 17. g4 Rb8 18. Ka1 Qa5 19. f5 Nc5 20. Ned4 Ne4 21. Bxe4 dxe4 22. fxe6 fxe6 23. Nxc6 Bxc6 24. Qd6 {1-0 (24) Radovanovic,J (2217)-Mack,A (2262) West Bromwich 2004}) 15. Kb1 {[%emt 0:04:04]} a5 {[%emt 0:21:41]} 16. Rhf1 {[%emt 0:08:46]} O-O {[%emt 0:02:50]} 17. Ng5 {[%emt 0:06:39]} h6 {[%emt 0:01:15]} 18. Nf3 {[%emt 0:00:42]} Rfc8 {[%emt 0:01:57]} 19. Nfd4 {[%emt 0:06:47]} Nc4 {[%emt 0:03:06]} 20. Bxc4 $1 {[%emt 0:00:48]} Qxc4 $14 {[%emt 0:01:32]} 21. Nc1 {[%emt 0:00:54]} Ra7 {[%emt 0:03:49]} 22. Rf3 {[%emt 0:04:25]} Nc6 {[%emt 0:06:39]} 23. Nxc6 {[%emt 0:03:29]} Rxc6 {[%emt 0:02:05]} 24. Ne2 {[%emt 0:04:09]} b4 {[%emt 0:01:59]} 25. Nd4 {[%emt 0:00:53]} Rc8 {[%emt 0:00:27]} 26. g4 {[%emt 0:01:20]} a4 {[%emt 0:03:22]} 27. h5 {[%emt 0:09:59]} Rb8 {[%emt 0:02:49]} 28. g5 {[%emt 0:02:59]} hxg5 {[%emt 0:02:38]} 29. fxg5 {[%emt 0:00:13]} Qc5 {[%emt 0:03:02]} 30. g6 {[%emt 0:04:20]} Be8 {[%emt 0:00:29]} 31. h6 {[%emt 0:01:07]} Qe7 {[%emt 0:01:49]} 32. gxf7+ {[%emt 0:01:28]} Bxf7 {[%emt 0:00:01]} 33. Nc6 {[%emt 0:00:32]} Qc7 {[%emt 0:00:14]} 34. Nxa7 {[%emt 0:00:20]} Bh5 {[%emt 0:00:15]} 35. Rg3 {[%emt 0:01:59]} g6 {[%emt 0:00:42]} 36. Rh1 {[%emt 0:01:43]} Kh8 {[%emt 0:00:22]} 37. Qg5 {[%emt 0:00:17]} Rf8 {[%emt 0:02:09]} 38. Qe3 {[%emt 0:01:32]} Qc4 {[%emt 0:01:00]} 39. Rc1 {[%emt 0:00:42]} d4 {[%emt 0:00:41]} 40. Qd3 {[%emt 0:00:44]} Qd5 {[%emt 0:00:13]} 41. Nb5 {[%emt 0:30:18]} Rd8 {[%emt 0:30:24]} 42. Nd6 {[%emt 0:00:08]} Rd7 {[%emt 0:00:20]} 43. Qe4 {[%emt 0:00:47]} Rxd6 {[%emt 0:00:20]} 44. Qf4 {[%emt 0:02:05]} Rd7 {[%emt 0:00:43]} 45. Qf6+ {[%emt 0:00:30]} Kg8 {[%emt 0:00:07]} 46. Rcg1 {[%emt 0:00:50]} Rf7 {[%emt 0:00:38]} 47. h7+ {[%emt 0:00:40]} Rxh7 {[%emt 0:00:49]} 48. Rxg6+ {[%emt 0:00:04]} 1-0

[Event "FRA-chTW Top 12 2019"]
[Site "Vandoeuvre"]
[Date "2019.05.05"]
[Round "5.8"]
[White "Leconte, Maria"]
[Black "Gras, Delphine"]
[Result "1-0"]
[WhiteElo "2246"]
[BlackElo "1835"]
[Annotator "NA"]
[PlyCount "53"]
[EventDate "2019.05.02"]
[EventType "team-tourn"]
[EventCountry "FRA"]
[SourceTitle "playchess.com"]
[Source "ChessBase"]
[SourceQuality "1"]
[TimeControl "40/5400+30:1800+30"]

1. e4 {[%emt 0:00:00]} c6 {[%emt 0:00:00]} 2. d4 {[%emt 0:00:00]} d5 {[%emt 0:00:00]} 3. Nc3 {[%emt 0:00:00]} dxe4 {[%emt 0:00:00]} 4. Nxe4 {[%emt 0:00:00]} Bf5 {[%emt 0:00:00]} 5. Ng3 {[%emt 0:00:00]} Bg6 {[%emt 0:00:00]} 6. Nh3 {[%emt 0:00:03]} e6 {[%emt 0:03:31]} 7. Bc4 {[%emt 0:00:28]} Nf6 {[%emt 0:01:51]} 8. O-O {[%emt 0:00:17]} Bd6 {[%emt 0:00:43]} 9. f4 {[%emt 0:00:30]} Qc7 {[%emt 0:06:16]} 10. Kh1 {[%emt 0:00:18]} O-O {[%emt 0:02:26]} (10... b5 $5 {[%cal Rb5c4]} 11. Bb3 O-O $11) 11. f5 {[%emt 0:14:21]} exf5 {[%emt 0:03:11]} 12. Nxf5 {[%emt 0:03:56]} Bxh2 {[%emt 0:06:39]} 13. Nh6+ {[%emt 0:01:40]} (13. Nxg7 $11 {remains equal.} Kxg7 {[#]} 14. Rxf6 $1 {[%mdl 512]}) 13... Kh8 {[%emt 0:00:56]} 14. Rxf6 {[%emt 0:04:00]} gxf6 {[%emt 0:03:08]} 15. Qf3 {[%emt 0:15:11]} Nd7 {[%emt 0:04:10]} 16. Ng4 {[%emt 0:00:48]} Bh5 {[%emt 0:12:44]} 17. Nhf2 {[%emt 0:28:42]} Rae8 $2 {[%emt 0:10:15]} (17... Qg3 $19 18. Bd3 Qxf3 19. gxf3 Bc7) 18. Bh6 {[%emt 0:01:08]} Rg8 {[%emt 0:04:07]} 19. Qh3 {[%emt 0:01:12]} Bxg4 {[%emt 0:06:43]} 20. Nxg4 {[%emt 0:00:05]} Qg3 {[%emt 0:04:32]} 21. Nxh2 {[%emt 0:02:13]} Re1+ {[%emt 0:05:58]} 22. Rxe1 {[%emt 0:00:07]} Qxe1+ {[%emt 0:00:01]} 23. Nf1 {[%emt 0:00:19]} Nb6 {[%emt 0:09:37]} 24. Bd3 {[%emt 0:00:10]} Qe6 {[%emt 0:09:31]} 25. Bf5 {[%emt 0:01:29]} Qc4 {[%emt 0:01:03]} 26. Nd2 {[%emt 0:02:24]} Qd5 {[%emt 0:00:59] [#]} 27. Bg5 $18 {[%emt 0:02:02]} 1-0

[Event "FRA-chTW Top 12 2019"]
[Site "Vandoeuvre"]
[Date "2019.05.05"]
[Round "5.9"]
[White "Atalik, Ekaterina"]
[Black "Gaponenko, Inna"]
[Result "1/2-1/2"]
[WhiteElo "2458"]
[BlackElo "2445"]
[Annotator "TA"]
[PlyCount "65"]
[EventDate "2019.05.02"]
[EventType "team-tourn"]
[EventCountry "FRA"]
[SourceTitle "playchess.com"]
[Source "ChessBase"]
[SourceQuality "1"]

{[%evp 15,65,16,25,8,13,7,20,26,11,19,17,8,7,0,0,4,6,5,0,0,3,9,4,7,10,2,3,0,12,18,17,11,12,11,10,14,12,11,14,7,13,6,7,4,2,2,7,5,6,0,1,0]} 1. d4 d5 2. c4 dxc4 3. Nf3 Nf6 4. e3 e6 5. Bxc4 c5 6. O-O Nc6 7. dxc5 Qxd1 8. Rxd1 Bxc5 9. b3 {D26: Queen's Gambit Accepted: 4 e3 e6 5 Bxc5 c5 sidelines} O-O 10. Bb2 Rd8 $146 ({Predecessor:} 10... a6 11. Nc3 b5 12. Bd3 Bb7 13. Ne4 Be7 14. Rac1 Nb4 15. Nxf6+ Bxf6 16. Bxf6 gxf6 {0-1 (56) Flores Rios,M (2529)-Van Foreest,J (2629) chess.com INT 2018}) 11. Rxd8+ Nxd8 12. Nbd2 {The position is equal.} b6 13. Ne5 Bb7 14. Be2 Rc8 15. Ndc4 Bd5 16. Rc1 Bf8 17. f3 b5 18. Na3 Rxc1+ 19. Bxc1 a6 20. Nc2 Bd6 21. Bb2 Bb7 22. e4 Bc8 23. Kf2 Nd7 24. Nxd7 Bxd7 25. e5 Bc5+ 26. Bd4 Be7 27. f4 Nc6 28. Bb6 g5 29. g3 gxf4 30. gxf4 f6 31. exf6 Bxf6 32. Bf3 e5 33. fxe5 {Accuracy: White = 47%, Black = 79%.} 1/2-1/2

[Event "FRA-chTW Top 12 2019"]
[Site "Vandoeuvre"]
[Date "2019.05.05"]
[Round "5.9"]
[White "Savina, Anastasia"]
[Black "Heinemann, Josefine"]
[Result "1/2-1/2"]
[WhiteElo "2353"]
[BlackElo "2227"]
[Annotator "NA RC"]
[PlyCount "69"]
[EventDate "2019.05.02"]
[EventType "team-tourn"]
[EventCountry "FRA"]
[SourceTitle "playchess.com"]
[Source "ChessBase"]
[SourceQuality "1"]
[TimeControl "40/5400+30:1800+30"]

1. d4 {[%emt 0:00:02]} Nf6 {[%emt 0:00:00]} 2. c4 {[%emt 0:00:10]} e6 {[%emt 0:00:00]} 3. Nf3 {[%emt 0:04:21]} b6 {[%emt 0:00:00]} 4. g3 {[%emt 0:02:41]} Ba6 {[%emt 0:00:45]} 5. Nbd2 {[%emt 0:00:40]} d5 {[%emt 0:00:10]} 6. Bg2 {[%emt 0:02:17]} Be7 {[%emt 0:00:06]} 7. O-O {[%emt 0:08:02] E15: Queen's Indian: 4 g3 sidelines, 4 g3 Ba6 and 4 g3 Bb7 early deviations} (7. cxd5 exd5 8. b4 O-O 9. Rb1 c5 10. dxc5 bxc5 11. b5 Bb7 12. O-O Nbd7 13. Nh4 Re8 14. a4 Bf8 {½-½ (68) Antipov,M (2588)-Harikrishna,P (2745) Caleta 2018}) 7... O-O {[%emt 0:00:05]} 8. Re1 {[%emt 0:05:22]} Nbd7 {[%emt 0:05:09]} 9. b3 {[%emt 0:21:43]} c5 {[%emt 0:07:17]} 10. Bb2 {[%emt 0:00:53]} Rc8 {[%emt 0:03:36]} 11. dxc5 $146 {[%emt 0:05:58]} ({Predecessor:} 11. e4 dxe4 12. Nxe4 Nxe4 13. Rxe4 Bb7 14. Re2 cxd4 15. Nxd4 Bxg2 16. Kxg2 {1-0 (32) Zubarev,A (2597)-Fakhiridou,E (2183) Kavala 2011}) 11... bxc5 {[%emt 0:05:22]} 12. e4 {[%emt 0:13:46]} dxe4 {[%emt 0:05:52]} 13. Ng5 {[%emt 0:03:53]} Bb7 {[%emt 0:03:34]} 14. Ndxe4 {[%emt 0:02:53]} Qc7 {[%emt 0:05:59]} 15. Qc2 {[%emt 0:04:53]} Nxe4 {[%emt 0:08:55]} 16. Nxe4 {[%emt 0:00:13]} f5 {[%emt 0:05:10]} 17. Nd2 {[%emt 0:02:28]} e5 {[%emt 0:04:11]} 18. Bd5+ {[%emt 0:03:49]} Bxd5 {[%emt 0:01:35]} 19. cxd5 {[%emt 0:00:02]} e4 {[%emt 0:04:54]} 20. Nc4 {[%emt 0:01:06]} Bd6 {[%emt 0:01:05] [#]} 21. Qc3 {[%emt 0:05:20]} ({White should try} 21. f3 $1 $16) 21... Rf7 {[%emt 0:00:46]} 22. Rac1 {[%emt 0:04:05]} h5 {[%emt 0:06:00]} 23. Qd2 {[%emt 0:03:13]} h4 {[%emt 0:03:22]} 24. Qg5 {[%emt 0:00:20]} hxg3 {[%emt 0:00:17]} 25. hxg3 {[%emt 0:00:05]} Ne5 {[%emt 0:03:06]} (25... Be5 $1 $11 {remains equal.}) 26. Bxe5 {[%emt 0:01:27]} Bxe5 {[%emt 0:00:04]} 27. Kg2 {[%emt 0:00:58]} Bd4 {[%emt 0:02:33]} 28. Rh1 $16 {[%emt 0:01:27]} f4 {[%emt 0:03:05]} 29. Qg6 {[%emt 0:01:51]} Rf6 {[%emt 0:03:17]} 30. Qxe4 {[%emt 0:00:29]} fxg3 {[%emt 0:00:30]} 31. Qh7+ {[%emt 0:00:14]} Kf7 {[%emt 0:01:31]} 32. Qh5+ {[%emt 0:00:01]} Kg8 {[%emt 0:01:12]} 33. Qh7+ {[%emt 0:01:06]} Kf7 {[%emt 0:00:39]} 34. Qh5+ {[%emt 0:00:39]} Kg8 {[%emt 0:01:06]} 35. Qh7+ {[%emt 0:00:18]} 1/2-1/2

[Event "FRA-chTW Top 12 2019"]
[Site "Vandoeuvre"]
[Date "2019.05.05"]
[Round "5.10"]
[White "Skripchenko, Almira"]
[Black "Marin Benito, Carla"]
[Result "1-0"]
[WhiteElo "2406"]
[BlackElo "1978"]
[Annotator "RC"]
[PlyCount "117"]
[EventDate "2019.05.02"]
[EventType "team-tourn"]
[EventCountry "FRA"]
[SourceTitle "playchess.com"]
[Source "ChessBase"]
[SourceQuality "1"]
[TimeControl "40/5400+30:1800+30"]

1. e4 {[%emt 0:00:26]} e5 {[%emt 0:00:00]} 2. Nf3 {[%emt 0:00:13]} Nc6 {[%emt 0:00:00]} 3. Bb5 {[%emt 0:03:37]} a6 {[%emt 0:00:37]} 4. Ba4 {[%emt 0:00:07]} Nf6 {[%emt 0:00:15]} 5. d3 {[%emt 0:00:06]} b5 {[%emt 0:01:14]} 6. Bb3 {[%emt 0:00:05]} h6 {[%emt 0:01:59]} 7. O-O {[%emt 0:08:06]} Bc5 {[%emt 0:04:26]} 8. c3 {[%emt 0:00:13]} O-O {[%emt 0:01:24]} 9. d4 {[%emt 0:10:34]} exd4 {[%emt 0:01:53]} 10. cxd4 {[%emt 0:01:36]} Bb6 {[%emt 0:07:30]} 11. e5 {[%emt 0:02:17]} Ne8 {[%emt 0:07:01]} 12. Qd3 {[%emt 0:35:20]} d5 {[%emt 0:30:45]} 13. a4 {[%emt 0:03:43]} bxa4 {[%emt 0:04:22]} 14. Bc2 {[%emt 0:04:35]} f5 {[%emt 0:00:26]} 15. Bxa4 {[%emt 0:00:09]} Nb4 {[%emt 0:03:46]} 16. Qb3 {[%emt 0:04:59]} c5 {[%emt 0:09:59]} 17. dxc5 {[%emt 0:07:12]} Bxc5 {[%emt 0:00:08]} 18. Be3 {[%emt 0:00:16]} Bxe3 {[%emt 0:01:23]} 19. Qxe3 {[%emt 0:00:47]} Nc7 {[%emt 0:04:42]} 20. Nc3 {[%emt 0:00:41]} Ne6 {[%emt 0:00:48]} 21. Rfd1 {[%emt 0:00:05]} Bb7 {[%emt 0:00:43]} 22. Bb3 {[%emt 0:01:06]} Kh8 {[%emt 0:05:06]} 23. Ne2 {[%emt 0:00:33]} f4 {[%emt 0:01:10]} 24. Qd2 {[%emt 0:00:05]} Qb6 {[%emt 0:00:22]} 25. Rac1 {[%emt 0:04:05]} a5 {[%emt 0:01:59]} 26. Ned4 {[%emt 0:02:44]} Nxd4 {[%emt 0:00:36]} 27. Qxd4 {[%emt 0:01:26]} Qxd4 {[%emt 0:00:37]} 28. Nxd4 {[%emt 0:00:04]} Rac8 {[%emt 0:01:19]} 29. Ra1 {[%emt 0:01:28]} Rc5 {[%emt 0:01:00]} 30. Ne6 {[%emt 0:00:07]} Rfc8 {[%emt 0:00:26]} 31. Nxc5 {[%emt 0:00:06]} Rxc5 {[%emt 0:00:01]} 32. Rac1 {[%emt 0:00:13]} Rxc1 {[%emt 0:01:28]} 33. Rxc1 {[%emt 0:00:05]} Bc6 {[%emt 0:00:10]} 34. e6 {[%emt 0:02:13]} Kg8 {[%emt 0:00:36]} 35. Bxd5 {[%emt 0:04:27]} Bxd5 {[%emt 0:00:10]} 36. Rc8+ {[%emt 0:00:04]} Kh7 {[%emt 0:00:08]} 37. e7 {[%emt 0:00:02]} Bf7 {[%emt 0:00:07]} 38. e8=Q {[%emt 0:00:05]} Bxe8 {[%emt 0:00:07]} 39. Rxe8 {[%emt 0:00:03]} Kg6 {[%emt 0:00:29]} 40. Re5 {[%emt 0:01:07]} Nd3 {[%emt 0:00:31]} 41. Rb5 {[%emt 0:30:04]} a4 {[%emt 0:30:15]} 42. Kf1 {[%emt 0:00:06]} Kf6 {[%emt 0:04:06]} 43. Ke2 {[%emt 0:00:20]} Nc1+ {[%emt 0:03:57]} 44. Kd2 {[%emt 0:00:11]} Nb3+ {[%emt 0:00:04]} 45. Kc3 {[%emt 0:00:07]} Nc1 {[%emt 0:00:13]} 46. Ra5 {[%emt 0:00:59]} Ne2+ {[%emt 0:02:04]} 47. Kd3 {[%emt 0:01:11]} Nc1+ {[%emt 0:00:18]} 48. Ke4 {[%emt 0:00:19]} Nb3 {[%emt 0:00:31]} 49. Rf5+ {[%emt 0:01:07]} Ke6 {[%emt 0:00:33]} 50. Rxf4 {[%emt 0:00:14]} Nc5+ {[%emt 0:01:15]} 51. Ke3 {[%emt 0:00:26]} Ke5 {[%emt 0:01:06]} 52. Rb4 {[%emt 0:00:33]} Kd5 {[%emt 0:00:30]} 53. h4 {[%emt 0:00:12]} Ke5 {[%emt 0:00:21]} 54. f4+ {[%emt 0:00:26]} Kd5 {[%emt 0:00:09]} 55. h5 {[%emt 0:00:15]} Kc6 {[%emt 0:00:43]} 56. g4 {[%emt 0:00:11]} Kd5 {[%emt 0:00:19]} 57. g5 {[%emt 0:01:19]} Kc6 {[%emt 0:01:09]} 58. Kd4 {[%emt 0:01:01]} hxg5 {[%emt 0:00:11]} 59. Rc4 {[%emt 0:05:19]} 1-0

[Event "FRA-chTW Top 12 2019"]
[Site "Vandoeuvre"]
[Date "2019.05.05"]
[Round "5.10"]
[White "Frisk, Ellinor"]
[Black "Thomas, Anysia"]
[Result "1-0"]
[WhiteElo "2262"]
[BlackElo "2178"]
[Annotator "TA"]
[PlyCount "62"]
[EventDate "2019.05.02"]
[EventType "team-tourn"]
[EventCountry "FRA"]
[SourceTitle "playchess.com"]
[Source "ChessBase"]
[SourceQuality "1"]

{[%evp 18,62,0,-2,27,0,0,-7,-8,-13,15,18,0,0,26,-8,0,0,0,0,0,0,107,94,114,90,144,120,241,243,298,166,191,179,172,185,168,95,235,228,218,220,449,457,443,429,6427]} 1. Nf3 g6 2. c4 Bg7 3. g3 c5 4. d4 cxd4 5. Nxd4 Nc6 6. Nc2 d6 7. Bg2 Be6 8. Ne3 Nf6 9. O-O O-O 10. Nc3 Qc8 {A38: Symmetrical English vs ...g6: 4 Bg2 Bg7 5 Nf3 Nf6} (10... Nd7 11. Bd2 Rc8 12. b3 Nf6 13. Rc1 Qd7 14. Ncd5 Bh3 15. Bxh3 Qxh3 16. Bc3 Nxd5 17. Nxd5 Qd7 18. Bxg7 Kxg7 {½-½ (46) Topalov,V (2761)-So,W (2770) Paris 2016}) 11. Bd2 Bh3 12. Rc1 Bxg2 {The position is equal.} 13. Kxg2 Nd7 14. b3 Nc5 $146 ({Predecessor:} 14... Qb8 15. f3 b6 16. Ned5 e6 17. Nf4 Nc5 18. e4 Qb7 19. Be3 Rfd8 20. Rf2 a6 21. Rd2 Bf6 22. Qe2 Be5 23. Nd3 Bg7 24. Nb2 {½-½ (24) Hoidahl,E (2434)-Skripko,P (2258) ICCF email 2007}) 15. Ncd5 Ne4 16. Qc2 (16. Be1 {with more complications.} e6 17. Nc3 Nf6 18. Qxd6 Rd8 19. Qa3) 16... f5 17. f3 $36 {[%mdl 2048] White has some pressure.} Nxd2 18. Qxd2 e6 19. Nc3 h5 (19... Qd7 $11) 20. Nb5 $16 (20. Qxd6 $6 g5 $11) 20... f4 21. gxf4 Rxf4 (21... Bh6 $142) 22. Nd5 ({Not} 22. Qxd6 Be5 $11) 22... Rh4 {[#]} (22... Rf8 $16) 23. Ndc7 $1 $18 (23. Nxd6 Qd8 $17) 23... e5 {Hoping for ...Qh3+.} 24. Nxa8 (24. Kh1 $142 Qh3 25. Rf2) 24... Qh3+ 25. Kf2 {Threatens to win with Rg1.} Qxh2+ 26. Ke1 a6 {[#]} 27. Qg5 $1 {[%cal Rg5g6]} ({Inferior is} 27. Qxd6 axb5 28. Qxg6 Nd4 $11) (27. Nxd6 $2 Qg3+ 28. Kd1 Rd4 $19) 27... axb5 (27... Kh7 $16 {was worth a try.}) 28. cxb5 ({Wrong is} 28. Qxg6 $2 Nd4 $19) 28... Nd4 {[%csl Gd4][%cal Rh2e2]} 29. Rf2 Qh1+ $2 (29... Qf4 30. Qxf4 exf4) 30. Kd2 Qh3 {intending ...Kh7.} 31. Qxg6 {aiming for Rg2.} Qd7 {Accuracy: White = 77%, Black = 15%.} (31... Qe6 $142 32. Qxe6+ Nxe6) 1-0